000 00888nam a22002415a 4500
008 170424t2017 ii a frbd 001 0 eng d
020 _a9789385999161
040 _aEG-ScBUE
_beng
_cEG-ScBUE
_dEG-ScBUE
082 0 4 _222
_a610.73
_bSOD
100 1 _aSodhi, Jaspreet Kaur.
245 1 0 _aComprehensive textbook of nursing education :
_bas per INC syllabus /
_cJaspreet Kaur Sodhi ; forword Surjeet Kaur.
260 _aNew Delhi :
_bThe Health Sciences Publisher,
_cc.2017.
300 _axvii, 605 p. :
_bill. ;
_c28 cm.
500 _aGlossary : p. 593-594.
500 _aIndex : p. 595-605.
504 _aIncludes bibliographical references.
650 7 _2BUEsh
_936329
_aNursing
_xStudy and teaching.
650 7 _2BUEsh
_aNursing
_937366
_xPsychological aspects.
651 _2BUEsh
653 _bNNUR
_cApril2017
700 1 _aKaur, Surjeet,
_eauthor of introduction, etc.
942 _2ddc
999 _c24697
_d24669